000 00576nam a2200205Ia 4500
005 20250508161652.0
008 008 250505s9999 xx 000 0 eng d
037 _aTextual
040 _aFEDL
_beng
_cFEDL
041 _aeng
_2eng
084 _a629.13254, DUN
_qFEDL
100 _aDunlap G D
_9771264
245 0 _aDutton's navigation and piloting
250 _a12th
260 _aAnnapolis
_bUnited States Naval Institute
_c1969
300 _a715p.
700 _a Shufeldt H H
_9771265
942 _cTEXL
_h629.13254, DUN
999 _c1371447
_d1371447